Statistics for Fill in the Blanks - U.S. Legal Documents

Click here to take the quiz!

General Stats

  • This quiz has been taken 55 times
  • The average score is 13 of 18

Answer Stats

HintRatifiedAnswer% Correct
Preamble1776We hold these truths to be {self}-{evident}, that all men are created equal [...]
98%
Preamble1776[...] that they are endowed with certain unalienable Rights,
that among these are {Life}, {Liberty} and the {pursuit} {of} {happiness}. [...]
82%
Preamble1788{We} {the} {People} of the United States, in Order to form a more perfect Union [...]
82%
Twentieth1920The terms of the President and Vice President shall end at noon on the 20th day of {January}, [...]
80%
Article 21788The President shall be {commander} {in} {chief} of the Army and Navy of the United States [...]
80%
Thirteenth1865Neither {slavery} nor involuntary servitude [...] shall exist within the United States [...]
78%
Article 21788No Person [...] shall be eligible to the Office of President [...]
who shall not have attained to the Age of {thirty} {five} years [...]
78%
Twenty-second1951No person shall be elected to the office of President more than {twice}, [...]
76%
Twenty-sixth1971The right of citizens of the United States, who are {eighteen} years of age or older,
to vote shall not be denied [...] on account of age
76%
First1791Congress shall not make no law respecting an establishment of {religion},
or prohibiting the free exercise thereof; [...]
73%
Article 31788The judicial Power of the United States, shall be vested in one {supreme} {Court}, [...]
69%
Nineteenth1920The right of citizens of the United States to vote shall not be denied [...] on account of {sex}
69%
Eighteenth1919[...] the manufacture, sale, or transportation of intoxicating {liquors} [...] is hereby prohibited
67%
Conclusion1776We, therefore, the Representatives of the {united} {States} of {America}, [...]
do solemnly publish and declare, That these united Colonies are [...] free and independent
67%
Indictment1776The history of the present King of {Great} {Britain} is a history of repeated injuries and usurpations. [...]
60%
Article 11788All legislative Powers herein granted shall be vested in a Congres of the United States,
which shall consist of a {Senate} and {House} {of} {Representatives}
58%
Second1791A well regulated militia being necessary to the security of a free state,
the right of the people to {keep} and {bear} {arms} shall not be infringed
40%
Article 51788The Congress, whenever {two} {thirds} of both houses shall deem it necessary,
shall propose amendments to this Constitution, [...]
29%

Score Distribution

Percentile by Number Answered

Percent of People with Each Score

Your Score History

You have not taken this quiz